| 000 | 02726nam a22004335i 4500 | ||
|---|---|---|---|
| 001 | 60444 | ||
| 005 | 20200226102512.0 | ||
| 007 | cr nn 008mamaa | ||
| 008 | 170531s2017 gw | s |||| 0|eng d | ||
| 020 |
_a9783319559919 _9978-3-319-55991-9 |
||
| 024 | 7 |
_a10.1007/978-3-319-55991-9 _2doi |
|
| 035 | _a(DE-He213)978-3-319-55991-9 | ||
| 050 | 4 | _aRC346-429.2 | |
| 072 | 7 |
_aMJN _2bicssc |
|
| 072 | 7 |
_aMED056000 _2bisacsh |
|
| 082 | 0 | 4 |
_a616.8 _223 |
| 100 | 1 |
_aKondziella, Daniel. _eauthor. |
|
| 245 | 1 | 0 |
_aNeurology at the Bedside _h[electronic resource] / _cby Daniel Kondziella, Gunhild Waldemar. |
| 250 | _a2nd ed. 2017. | ||
| 264 | 1 |
_aCham : _bSpringer International Publishing : _bImprint: Springer, _c2017. |
|
| 300 |
_aXXVII, 337 p. 133 illus., 72 illus. in color. _bonline resource. |
||
| 336 |
_atext _btxt _2rdacontent |
||
| 337 |
_acomputer _bc _2rdamedia |
||
| 338 |
_aonline resource _bcr _2rdacarrier |
||
| 347 |
_atext file _bPDF _2rda |
||
| 505 | 0 | _aWhat to expect from this book (and what not to) -- Clinical history and neuroanatomy "Where is the lesion?" -- Neurological bedside examination "CanĀ I confirm my anatomical hypothesis?" -- Differential diagnosis "What is the lesion?" -- Ancillary investigations -- Treatment of neurological disorders. | |
| 520 | _aThis updated and expanded new edition takes neurology trainees by the hand and guides them through the whole patient encounter - from an efficient neurological history and bedside examination through to differential diagnosis, diagnostic procedures and treatment. At each step the expert authors point out what is essential and what is not. Since the first edition, which was Highly Commended at the BMA Book Awards, chapters have been thoroughly revised and reflect the essential state-of-the-art knowledge neurologists need to acquire during their training. New graphic material has been added, as have new chapters including neurogenetics, neurorehabilitation, neurocritical care and heuristic neurological reasoning. In addition, this second edition now includes more than 100 unique case histories. Neurology at the Bedside, Second Edition is written for neurologists in all stages of training. Medical students, general practitioners and others with an interest in neurology will also find invaluable information here. | ||
| 650 | 0 | _aMedicine. | |
| 650 | 0 | _aNeurology. | |
| 650 | 1 | 4 | _aMedicine & Public Health. |
| 650 | 2 | 4 | _aNeurology. |
| 700 | 1 |
_aWaldemar, Gunhild. _eauthor. |
|
| 710 | 2 | _aSpringerLink (Online service) | |
| 773 | 0 | _tSpringer eBooks | |
| 776 | 0 | 8 |
_iPrinted edition: _z9783319559902 |
| 856 | 4 | 0 | _uhttp://dx.doi.org/10.1007/978-3-319-55991-9 |
| 912 | _aZDB-2-SME | ||
| 999 |
_c5742 _d5742 |
||